|
|
|
|
| LEADER |
00000nab a2200000 a 4500 |
| 001 |
vtls010269625 |
| 003 |
SK-MaSNL |
| 005 |
20260305031514.0 |
| 008 |
110411 2010 xo m 000 0 slo |
| 038 |
|
|
|a PPPK
|
| 040 |
|
|
|a PPPKCL
|b slo
|c PPPK
|e AACR2
|
| 041 |
0 |
|
|a slo
|
| 044 |
|
|
|a xo
|c SK
|
| 080 |
|
|
|a 027.52
|x (437.6)
|2 2001
|
| 245 |
0 |
0 |
|a Činnosť Mestskej knižnice v Sp. St. Vsi v roku 2009
|c [autor] Pracovníčka knižnice
|
| 610 |
2 |
7 |
|a Mestská knižnica (Spišská Stará Ves, Slovensko)
|2 pppkcl
|9 49668
|
| 648 |
|
7 |
|a 2009
|2 pppkcl
|9 320114
|
| 650 |
0 |
7 |
|a mestské knižnice
|2 pppkcl
|9 70409
|
| 651 |
|
7 |
|a Spišská Stará Ves (Slovensko)
|2 pppkcl
|9 54503
|
| 651 |
|
7 |
|a Kežmarok (Slovensko : okres)
|2 pppkcl
|9 51824
|
| 773 |
0 |
|
|t Starovešťan : spravodajca mesta Spišská Stará Ves
|g Roč. 4, č. 15 (2010), s. 3
|
| 852 |
|
|
|a PPPK
|b KIS3GCP
|
| 999 |
|
|
|c 3316381
|d 3318311
|